000 01482cam a22004334i 4500
003 PE-LiUPU
005 20250731173041.0
008 150623s r 000 0 d
035 _a(Sirsi) a24064
040 _aPE-LiUPU
_bspa
_cPE-LiUPU
_erda
082 0 4 _a254.5
_bZ15
_221
100 1 _aZackrison, James W.,
_eautor.
245 1 0 _aFrom spectators to disciples :
_ba biblical strategy for church growth /
_cJames W. Zarickson.
264 1 _a[s.l.i] :
_b[s.e.],
_c[s.f.].
300 _a190 páginas :
_bilustraciones, gráficos ;
_c30 cm.
336 _atext
_2rdacontent
337 _aunmediated
_2rdamedia
338 _avolume
_2rdacarrier
500 _aEdición fotocopiada.
504 _aIncluye bibliografía.
505 0 _aBuilding a growth-oriented philosophy of ministry. -Strategies for church growth.
526 _aSEG42
526 _aSEG41
526 _aSEG40
526 _aSEG39
526 _aP94
526 _aP87
526 _aP86
526 _aP85
526 _aP77
526 _aP76
526 _aP35
650 0 4 _aCrecimiento de iglesia.
942 _2ddc
_cBOOK
949 _a254.5 Z15
_wDEWEY
_c1
_i48322
_lCCODEBUL1
_mBUL
_p00.00
_r0
_sY
_tBOOK
_u2015-06-24
_xTEOLOGIA
_PP35
_0COMPRA
_o.STAFF. Colección General
596 _a1
999 _a254.5 Z15
_wDEWEY
_c26319
_i48322
_f2021-11-10
_g5
_lCCODEBUL1
_mBUL
_r0
_sY
_tBOOK
_u2015-6-24
_xTEOLOGIA
_PP35
_0COMPRA
_o.STAFF. Colección General
_d26319
980 _81
_gALBERTO SANCHEZ Responsable de Automatización